Êtes-vous rapide ? Test de rapidité tuilettres - Statistiques

Statistiques générales
  • Ce quiz a été pris 667 fois
  • Le résultat moyen est 39 sur 135
Statistiques - réponses
Question Tuile Select % Correct
A A Oui
90%
A D Non
88%
A I Non
88%
A B Non
87%
A C Non
87%
A E Non
87%
A F Non
87%
A G Non
87%
A H Non
87%
B F Non
85%
B G Non
85%
B H Non
85%
B I Non
85%
B A Non
84%
B B Oui
84%
B C Non
84%
B D Non
84%
B E Non
84%
C A Non
79%
C B Non
79%
C C Oui
79%
C D Non
79%
C E Non
79%
C F Non
79%
C G Non
79%
C H Non
79%
C I Non
79%
D A Non
70%
D B Non
70%
D E Non
70%
D F Non
70%
D G Non
70%
D H Non
70%
D I Non
70%
D C Non
69%
D D Oui
68%
E A Non
55%
E B Non
55%
E C Non
55%
E D Non
55%
E F Non
55%
E G Non
55%
E H Non
55%
E I Non
55%
E E Oui
54%
F B Non
35%
F C Non
35%
F D Non
35%
F E Non
35%
F G Non
35%
F I Non
35%
F A Non
34%
F F Oui
34%
F H Non
34%
G A Non
18%
G B Non
18%
G D Non
18%
G E Non
18%
G F Non
18%
G G Oui
18%
G H Non
18%
G I Non
18%
G C Non
17%
H B Non
7%
H C Non
7%
H D Non
7%
H E Non
7%
H F Non
7%
H G Non
7%
H I Non
7%
H A Non
6%
H H Oui
6%
I A Non
3%
I B Non
3%
I C Non
3%
I D Non
3%
I E Non
3%
I F Non
3%
I G Non
3%
I H Non
3%
I I Oui
3%
A A Oui
1%
A B Non
1%
A C Non
1%
A D Non
1%
A E Non
1%
A F Non
1%
A G Non
1%
A H Non
1%
A I Non
1%
B A Non
0%
C A Non
0%
D A Non
0%
E A Non
0%
F A Non
0%
B B Oui
0%
C B Non
0%
D B Non
0%
E B Non
0%
F B Non
0%
B C Non
0%
C C Oui
0%
D C Non
0%
E C Non
0%
F C Non
0%
B D Non
0%
C D Non
0%
D D Oui
0%
E D Non
0%
F D Non
0%
B E Non
0%
C E Non
0%
D E Non
0%
E E Oui
0%
F E Non
0%
B F Non
0%
C F Non
0%
D F Non
0%
E F Non
0%
F F Oui
0%
B G Non
0%
C G Non
0%
D G Non
0%
E G Non
0%
F G Non
0%
B H Non
0%
C H Non
0%
D H Non
0%
E H Non
0%
F H Non
0%
B I Non
0%
C I Non
0%
D I Non
0%
E I Non
0%
F I Non
0%
Aucun quiz correspondant
Distribution des résultats
% des personnes avec chaque résultat
Percentile par nombre de réponses
Votre historique - résultats
Vous n’avez pas pris ce quiz